| 000 | 01541nam a2200253 a 4500 | ||
|---|---|---|---|
| 999 |
_c1611 _d1611 |
||
| 003 | AR-BaISA | ||
| 005 | 20240426100056.0 | ||
| 006 | aado|fr|||| 001 0 | ||
| 007 | ta | ||
| 008 | 240426s2011 mx ado|f |||| 001 0 spa d | ||
| 020 | _a9786074814750 | ||
| 040 |
_bspa _cAR-BaISA |
||
| 082 | 0 | 4 |
_222 _a612 S58 |
| 100 |
_93368 _aSherwood, Lauralee _eaut. |
||
| 245 | 1 | 0 |
_aFisiología humana: _bde las células a los sistemas / _cLauralee Sherwood |
| 250 | _a7ª ed. | ||
| 260 |
_aMéxico: _bCengage Learning, _c2011 |
||
| 300 |
_aXXVI, [977] p. _bil., graf. fotos |
||
| 500 | _aPaginación indistinta al final del libro | ||
| 504 | _aÍndice p.: I1-I30 | ||
| 505 |
_tIntroducción a la fisiología y homeostasis -- _tFisiología celular -- _tLa membrana plasmática y el potencial de la membrana -- _tPrincipios de la comunicación neuronal y hormonal -- _tEl sistema nervioso central -- _tEl sistema nervioso periférico: división aferente; sentidos especiales -- _tEl sistema nervioso periférico: la división eferente -- _tFisiología de los músculos -- _tFisiología cardíaca -- _tLos vasos y la presión sanguínea -- _tLa sangre -- _tDefensas corporales -- _tEl sistema respiratorio -- _tEl sistema urinario -- _tBalance ácido-base y de electrolitos -- _tEl sistema digestivo -- _tBalance energético y regulación térmica -- _tPrincipios de endocrinología; las glándulas endocrinas centrales -- _tGlándulas endocrinas periféricas -- _tEl sistema reproductivo |
||
| 650 | 1 | 4 |
_931 _aFisiología humana |
| 942 |
_2ddc _cLI _e22 |
||